000 01134nam a2200313 i 4500
003 EG-GICUC
005 20260121101718.0
008 260111s1989 ua ||||fr|||| 00| 0 ara d
017 _a١٩٨٩/4024
040 _a EG-GICUC
_bara
_c EG-GICUC
_d EG-GICUC
_erda
041 0 _aara
082 0 4 _221
_a345.6231
_bع م . ت
092 0 4 _221
099 _aLaw1 07 345.6231 ع م . ت 1989
100 0 _aأحمد عمرو بركات
_eمؤلف.
245 1 2 _a التفويض في القانون العام :
_bدراسة مقارنة /
_cدكتور عمرو فؤاد بركات.
264 1 _a[دون مكان نشر] :
_b[دون دار نشر]،
_c1989.
300 _a182 ؛ صفحة
_c24 سم.
336 _2rda content
_atext
337 _2rda media
_aComputer
338 _2rda carrier
_aOnline Resource
504 _aببليوجرافيا صفحة : 177- 179.
546 _aالنص باللغة العربية
650 1 4 _aالتفويض في الاختصاص
650 1 4 _aالقانون الإداري
856 4 0 _uhttps://fll.law.cu.edu.eg/fulltext/bks/B07-02335.pdf
905 _a77
942 _2ddc
_cBK
_e21
_n0
999 _c56463
_d56463